Mixed Up Movie Quotes Quiz Stats

Quiz Updated Oct 12, 2016

Challenge
Share
Tweet
Embed
Score 0/20 Timer 04:00
6 Plays Today
Quote Movie % Correct
You can't handle the Force!Star Wars
91.4%
I love the smell of a box of chocolates in the morning.Forrest Gump
89.9%
There's no crying in Sparta!300
81.6%
Shirley, my dear, I don't give a damn.Gone with the Wind
80.2%
No, Mr. Bond, I expect you to make me an offer I can't refuse.The Godfather
75.1%
Mrs. Robinson, you talking to me, aren't you?The Graduate
72.3%
Shirley, my dear, I don't give a damn.Airplane!
70.3%
I am the king of a bigger boat.Jaws
69.6%
Yippee-ki-yay, my little friend!Die Hard
67.9%
You can't handle the Force!A Few Good Men
67.6%
Quote Movie % Correct
Yippee-ki-yay, my little friend!Scarface
67.6%
There's no crying in Sparta!A League of Their Own
64.7%
I am the king of a bigger boat.Titanic
63.4%
I love the smell of a box of chocolates in the morning.Apocalypse Now
62%
Mrs. Robinson, you talking to me, aren't you?Taxi Driver
57.5%
I feel the need, the need for a tasty burger.Top Gun
51.4%
No, Mr. Bond, I expect you to make me an offer I can't refuse.Goldfinger
51.4%
Badges? Where we're going we don't need badges.Back to the Future
45.8%
I feel the need, the need for a tasty burger.Pulp Fiction
33.8%
Badges? Where we're going we don't need badges.The Treasure of the Sierra Madre
25.5%

You're not logged in!

Compare scores with friends on all Sporcle quizzes.
Sign Up with Email
OR
Log In

You Might Also Like...

Show Comments

Extras

Top Quizzes Today


Score Distribution

Your Account Isn't Verified!

In order to create a playlist on Sporcle, you need to verify the email address you used during registration. Go to your Sporcle Settings to finish the process.